| 000 | 00466nam a22001697a 4500 | ||
|---|---|---|---|
| 003 | NUST - PNEC | ||
| 005 | 20170116181144.0 | ||
| 008 | 151008b xxu||||| |||| 00| 0 eng d | ||
| 020 | _a0196360951 | ||
| 040 | _cLIBRARY | ||
| 082 | _a958 BUR | ||
| 100 |
_914882 _a Burnes, Alexander |
||
| 245 |
_aA voyage on the Indus : being the third volume of Travels into Bokhara _cAlexander Burnes |
||
| 260 | _c1973 | ||
| 650 |
_91736 _aTravel _xGeneral |
||
| 942 |
_2ddc _cBK |
||
| 999 |
_c70628 _d70628 |
||